Fuzzy logic and neuroFuzzy applications in business and finance / (Record no. 70638)

000 -LEADER
fixed length control field 01187pam a2200301 a 4500
001 - CONTROL NUMBER
control field 690812
003 - CONTROL NUMBER IDENTIFIER
control field NUST - PNEC
005 - DATE AND TIME OF LATEST TRANSACTION
control field 20170116181144.0
008 - FIXED-LENGTH DATA ELEMENTS--GENERAL INFORMATION
fixed length control field 960619s1997 njua b 001 0 eng
010 ## - LIBRARY OF CONGRESS CONTROL NUMBER
LC control number 96026948
020 ## - INTERNATIONAL STANDARD BOOK NUMBER
International Standard Book Number 0135915120
040 ## - CATALOGING SOURCE
Transcribing agency LIBRARY
050 00 - LIBRARY OF CONGRESS CALL NUMBER
Classification number HF5548.2
Item number .V66 1997
082 00 - DEWEY DECIMAL CLASSIFICATION NUMBER
Classification number 650.01511322 ALT
Edition number 20
100 1# - MAIN ENTRY--PERSONAL NAME
Personal name Von Altrock, Constantin.
245 10 - TITLE STATEMENT
Title Fuzzy logic and neuroFuzzy applications in business and finance /
Statement of responsibility, etc. Constantin von Altrock.
246 14 - VARYING FORM OF TITLE
Title proper/short title Fuzzy logic & neuroFuzzy applications in business & finance
260 ## - PUBLICATION, DISTRIBUTION, ETC.
Place of publication, distribution, etc. Upper Saddle River, N.J. :
Name of publisher, distributor, etc. Prentice Hall PTR,
Date of publication, distribution, etc. c1997.
300 ## - PHYSICAL DESCRIPTION
Extent x, 375 p. :
Other physical details ill. ;
Dimensions 24 cm. +
Accompanying material 1 computer laser optical disc (4 3/4 in.)
504 ## - BIBLIOGRAPHY, ETC. NOTE
Bibliography, etc. note Includes bibliographical references and index.
538 ## - SYSTEM DETAILS NOTE
System details note System requirements for accompanying computer disc: MS Windows-3.1x; Windows 95.
650 #0 - SUBJECT ADDED ENTRY--TOPICAL TERM
Topical term or geographic name entry element Business
General subdivision Data processing.
650 #0 - SUBJECT ADDED ENTRY--TOPICAL TERM
Topical term or geographic name entry element Finance
General subdivision Data processing.
650 #0 - SUBJECT ADDED ENTRY--TOPICAL TERM
Topical term or geographic name entry element Fuzzy logic.
650 #0 - SUBJECT ADDED ENTRY--TOPICAL TERM
Topical term or geographic name entry element Neural networks (Computer science)
942 ## - ADDED ENTRY ELEMENTS (KOHA)
Source of classification or shelving scheme
Koha item type Book
Holdings
Withdrawn status Lost status Source of classification or shelving scheme Damaged status Not for loan Permanent Location Current Location Shelving location Date acquired Total Checkouts Full call number Barcode Date last seen Date last checked out Price effective from Koha item type
          Pakistan Navy Engineering College (PNEC) Pakistan Navy Engineering College (PNEC)   10/08/2015 2 650.01511322 ALT PNECLIB-025353 11/24/2016 11/24/2016   Book
© 2023 Central Library, National University of Sciences and Technology. All Rights Reserved.